Najczęściej słuchani raperzy 2022 - Statystyki

Ogólne statystyki
  • Ten quiz został rozwiązany 48 razy
  • Średni wynik to 7 z 20
Statystyki odpowiedzi
Hint Odpowiedź % Poprawnych
1. Drake
82%
11. Travis Scott
71%
3. Eminem
65%
2. Kanye West
62%
5. Kendrick Lamar
56%
4. Juice Wrld
44%
10. Future
41%
9. 21 Savage
38%
12. XXXtentacion
38%
8. Lil Uzi Vert
26%
6. Lil Baby
24%
13. Nicki Minaj
24%
14. J.Cole
21%
7. Doja Cat
18%
16. Gunna
18%
15. Lil Wayne
15%
17. Lil Durk
9%
20. Mac Miller
9%
19. Quavo
6%
18. Young Thg
3%
Nie znaleziono quizów pasujących do podanych kryteriów
Rozkład punktacji
Procent ludzi z każdym wynikiem
Percentyl według liczby udzielonych odpowiedzi
Twoja historia wyników
Nie rozwiązałeś tego quizu